Fundamentals of computation theory : proceedings of the 1981 International FCT-Conference, Szeged, Hungary, August 24-28, 1981 /

Bibliographic Details
Corporate Author: International FCT-Conference Szeged, Hungary
Other Authors: Gécseg, F.
Format: Conference Proceeding Book
Language:English
Published: Berlin : New York : Springer-Verlag, 1981.
Series:Lecture notes in computer science ; 117.
Subjects:

MARC

Tag First Indicator Second Indicator Subfields
LEADER 00000cam a22000008a 4500
001 in00000070443
005 20151008061744.0
008 810730s1981 wb a b 10010 eng
010 |a  81013533  
020 |a 0387108548 
020 |a 3540108548 
035 |a (OCoLC)07741455 
035 |9 AAJ8746AM 
039 0 |a 2  |b 3  |c 3  |d 3  |e 3 
040 |a DLC  |c DLC  |d TXA  |d UtOrBLW 
049 |a TXAM  |c [1560691] 
050 0 0 |a QA267  |b .I57 1981 
082 0 |a 511  |2 19 
111 2 |a International FCT-Conference  |n (3rd :  |d 1981 :  |c Szeged, Hungary) 
245 1 0 |a Fundamentals of computation theory :  |b proceedings of the 1981 International FCT-Conference, Szeged, Hungary, August 24-28, 1981 /  |c edited by Ferenc Gecseg. 
263 |a 8108 
264 1 |a Berlin :  |a New York :  |b Springer-Verlag,  |c 1981. 
300 |a x, 471 pages :  |b illustrations ;  |c 24 cm. 
336 |a text  |b txt  |2 rdacontent 
337 |a unmediated  |b n  |2 rdamedia 
338 |a volume  |b nc  |2 rdacarrier 
490 1 |a Lecture notes in computer science ;  |v 117 
504 |a Includes bibliographical references. 
650 0 |a Machine theory  |v Congresses. 
650 0 |a Computational complexity  |v Congresses. 
700 1 |a Gécseg, F. 
830 0 |a Lecture notes in computer science ;  |v 117. 
999 |a MARS 
999 f f |s 6a120d8b-c75d-3dda-83e1-2cc245929eb6  |i b243499e-cca6-3aa7-b788-60744154b759  |t 0 
952 f f |p ric  |a Texas A&M University  |b Rellis Campus  |c Joint Library Facility  |d Remote Storage  |t 0  |e QA267 .I57 1981  |h Library of Congress classification  |i unmediated -- volume  |m A14806203726 
998 f f |a QA267 .I57 1981  |t 0  |l Remote Storage